| 000 | 00000nam##2200000za#4500 |
| 001 | 9.684421 |
| 003 | CaOODSP |
| 005 | 20210615134206 |
| 007 | ta |
| 008 | 150407|2008||||xxc||||| f|0| 0 fre|d |
| 020 | |a978-1-100-90349-1 |
| 040 | |aCaOODSP|bfre |
| 043 | |an-cn--- |
| 086 | 1 |aF2-184/3-2008F |
| 110 | 1 |aCanada. |bMinistère des finances. |
| 245 | 10|aPromouvoir l'avantage fiscal international du Canada - rapport final / |c[publié par le] Groupe consultatif sur le régime canadien de fiscalité internationale. |
| 260 | |aOttawa - Ontario : |bFinances Canada |cDécembre 2008. |
| 300 | |ax, 137p. : |bfigures, tableaux ; |c28 cm. |
| 563 | |aCouverture souple |
| 590 | |a09-48|b2009-11-27 |
| 691 | 07|aPolitique fiscale|2gcpds |
| 775 | 08|tEnhancing Canada's international tax advantage - final report / |w(CaOODSP)9.651390 |
| 776 | 0#|tPromouvoir l'avantage fiscal international du Canada - rapport final / |w(CaOODSP)9.635947 |